Pseudonymes - Statistiques

Statistiques générales
  • Ce quiz a été pris 93 fois
  • Le résultat moyen est 9 sur 30
Statistiques - réponses
Vraie identité Pseudo % Correct
Julien Mari JUL
81%
Lucas Hauchard Squeezie
75%
Élie Yaffa Booba
65%
Ken Samaras Nekfeu
64%
Gandhi Alimasi Djuna Gims
60%
Nathalie Odzierejko Natoo
55%
Julien Schwarzer SCH
54%
Armand Okou Gnakouri Kaaris
50%
Inès Benazzouz Inoxtag
49%
Marie Lopez EnjoyPhoenix
44%
Marshall Bruce Mathers III Éminem
40%
Isabelle de Truchis de Varennes Zazie
35%
Matthieu Tota M. Pokora
33%
Marc Jarousseau Kémar
29%
Charlotte Gonin Vitaa
26%
Kevin Bonnet Keen'v
23%
Bruno Nicolini Bénabar
21%
André Raimbourg Bourvil
19%
Fabien Marsaud Grand Corps Malade / GCM
19%
Curtis James Jackson III 50 Cent
16%
Nabil Boukhobza Naps
10%
Jérémie Serrandour Lorenzo
9%
Onika Tanya Maraj Nicki Minaj
9%
Housni Mkouboi Rohff
9%
Calvin Cordozar Broadus Snoop Dogg
9%
Adam Richard Wiles Calvin Harris
8%
Alecia Beth Moore Pink
8%
Armando Christian Pérez Pitbull
3%
Cameron Jibril Thomaz Wiz Khalifa
3%
Alioune Badara Thiam Akon
1%
Aucun quiz correspondant
Distribution des résultats
% des personnes avec chaque résultat
Percentile par nombre de réponses
Votre historique - résultats
Vous n’avez pas pris ce quiz